Alejandro Magno : (Record no. 175376)
[ view plain ]
| 000 -CABECERA | |
|---|---|
| campo de control de longitud fija | 00911nam a2200241 u 4500 |
| 005 - FECHA Y HORA DE LA ÚLTIMA TRANSACCIÓN | |
| campo de control | 20220911205843.0 |
| 008 - ELEMENTOS DE LONGITUD FIJA--INFORMACIÓN GENERAL | |
| campo de control de longitud fija | 150507s2002 es r 000 0 spa d |
| 020 ## - NÚMERO INTERNACIONAL NORMALIZADO PARA LIBROS | |
| Número Internacional Estándar del Libro | 8495939045 |
| 035 ## - NÚMERO DE CONTROL DEL SISTEMA | |
| Número de control de sistema | UPN01000203275 |
| 049 ## - COLECCIÓN | |
| Colección | CG |
| 050 #4 - SIGNATURA TOPOGRÁFICA DE LA BIBLIOTECA DEL CONGRESO | |
| Número de clasificación | DF234 |
| Número de documento/Ítem | F5.2 |
| 100 1# - ASIENTO PRINCIPAL--NOMBRE PERSONAL | |
| Nombre de persona | Fildes, Alan M. |
| 9 (RLIN) | 37645 |
| 245 10 - MENCIÓN DE TÍTULO | |
| Título | Alejandro Magno : |
| Resto del título | hijo de los dioses : crónica del conquistador más grande de la historia / |
| Mención de responsabilidad, etc. | Alan Filder, Joann Fletcher ; tr. Jorge González Batlle. |
| 260 ## - PUBLICACIÓN, DISTRIBUCIÓN, ETC. | |
| Lugar de publicación, distribución, etc. | Barcelona, Esp. : |
| Nombre del editor, distribuidor, etc. | Blume, |
| Fecha de publicación, distribución, etc. | c2002. |
| 300 ## - DESCRIPCIÓN FÍSICA | |
| Extensión | 176 p. : |
| Otras características físicas | il. col. |
| 534 ## - NOTA SOBRE LA VERSIÓN ORIGINAL | |
| Frase introductoria | Titulo original: |
| Mención de título del original | Alexander the great : son of the gods |
| 600 00 - ASIENTO SECUNDARIO DE MATERIA - NOMBRE PERSONAL | |
| Nombre de persona | Alejandro |
| Numeración | III, |
| Títulos y otros términos asociados al nombre | El Magno, |
| Fechas asociadas al nombre | 356-323 a.C. |
| 9 (RLIN) | 4128 |
| 650 #4 - ASIENTO SECUNDARIO DE MATERIA - TERMINO TEMATICO | |
| Término de materia o nombre geográfico como elemento de entrada | GENERALES - |
| Subdivisión geográfica | GRECIA - |
| Subdivisión de forma | BIOGRAFIA |
| 9 (RLIN) | 24075 |
| 651 #4 - ASIENTO SECUNDARIO DE MATERIA - NOMBRE GEOGRAFICO | |
| Nombre geográfico | GRECIA - |
| Subdivisión general | HISTORIA - |
| Subdivisión cronológica | EXPANSION MACEDONICA, 359-323 A.C. |
| 9 (RLIN) | 4129 |
| 700 1# - ASIENTO SECUNDARIO--NOMBRE DE PERSONAL | |
| Nombre de persona | Fletcher, Joann, |
| Fechas asociadas al nombre | 1966- |
| Término indicativo de función/relación | coaut. |
| 9 (RLIN) | 31888 |
| 905 ## - TIPO DE MATERIAL | |
| Tipo de material | Libro |
| Estado de retiro | Estado de pérdida | Fuente del sistema de clasificación o colocación | Estado dañado | No para préstamo | Código de colección | Localización permanente | Ubicación/localización actual | Ubicación en estantería | Total de préstamos | Renovaciones totales | Clasificación | Código de barras | Fecha visto por última vez | Fecha del último préstamo | Número de copia | Tipo de ítem Koha |
|---|---|---|---|---|---|---|---|---|---|---|---|---|---|---|---|---|
| Library of Congress Classification | Colección General | Bib. Gregorio Torres Quintero | Bib. Gregorio Torres Quintero | Planta baja | 1 | 1 | DF234 F5.2 | 302195 | 29/04/2021 | 26/04/2021 | 1 | Libro |
